Southville International School and Colleges
Your cart is empty.
  • Cart
  • Lists
    Public lists Eva Luna New books Lux_list list_1
    Your lists Log in to create your own lists
  • Log in to your account
  • Your cookies
  • Search history
Southville International School and Colleges
  • Advanced search
  • Recent comments
  • Most popular
  • Libraries

Log in to your account

Log in with GOOGLE


If you do not have an external account, but do have a local account, you can still log in:

  1. Home
  2. MARC view: 12 years of the party list system
Normal view MARC view ISBD view

12 years of the party list system (Record no. 1161)

[ view plain ]
MARC details
000 -LEADER
fixed length control field 00965cam a22003255a 4500
001 - CONTROL NUMBER
control field 17136512
003 - CONTROL NUMBER IDENTIFIER
control field OSt
005 - DATE AND TIME OF LATEST TRANSACTION
control field 20140310181659.0
008 - FIXED-LENGTH DATA ELEMENTS--GENERAL INFORMATION
fixed length control field 120126s2011 ph a b 000 0 eng
010 ## - LIBRARY OF CONGRESS CONTROL NUMBER
LC control number 2012325025
020 ## - INTERNATIONAL STANDARD BOOK NUMBER
International Standard Book Number 9789719365198
040 ## - CATALOGING SOURCE
Original cataloging agency DLC
Transcribing agency DLC
Modifying agency DLC
042 ## - AUTHENTICATION CODE
Authentication code lcode
043 ## - GEOGRAPHIC AREA CODE
Geographic area code a-ph---
050 ## - LIBRARY OF CONGRESS CALL NUMBER
Classification number JF 2051
Item number .T917 2011
082 ## - DEWEY DECIMAL CLASSIFICATION NUMBER
Classification number FIL 342.209599
Item number .T917 2011
245 00 - TITLE STATEMENT
Title 12 years of the party list system
Remainder of title maginalizing people's representation
Statement of responsibility, etc Tuazon, Bobby M.
246 3# - VARYING FORM OF TITLE
Title proper/short title Twelve years of the party list system
260 ## - PUBLICATION, DISTRIBUTION, ETC. (IMPRINT)
Place of publication, distribution, etc Diliman, Quezon City, Philippines
Name of publisher, distributor, etc CenPEG Books
Date of publication, distribution, etc c2011
300 ## - PHYSICAL DESCRIPTION
Extent xiv, 315 p.
Dimensions 22 cm.
504 ## - BIBLIOGRAPHY, ETC. NOTE
Bibliography, etc Includes bibliographical references.
521 ## - TARGET AUDIENCE NOTE
Target audience note
526 ## - STUDY PROGRAM INFORMATION NOTE
Reading level 1210L-1700L
541 ## - IMMEDIATE SOURCE OF ACQUISITION NOTE
-- 1
562 ## - COPY AND VERSION IDENTIFICATION NOTE
Number of copies 1
700 1# - ADDED ENTRY--PERSONAL NAME
Personal name Tuazon, Bobby M.
906 ## - LOCAL DATA ELEMENT F, LDF (RLIN)
a 7
b par
c origode
d 3
e ncip
f 20
g y-gencatlg
942 ## - ADDED ENTRY ELEMENTS (KOHA)
Source of classification or shelving scheme Library of Congress Classification
Koha item type
Call number prefix Filipininana
Holdings
Withdrawn status Lost status Source of classification or shelving scheme Damaged status Home library Current library Shelving location Date acquired Total Checkouts Full call number Barcode Date last seen Date checked out Copy number Price effective from Koha item type
    Library of Congress Classification   College Library College Library Filipiniana Section 11/07/2012 1 JF 2051 .T917 2011 c15932 05/08/2018 03/22/2014 1 11/07/2012 Books

12 years of the party list system

APA

Tuazon B. M., . (2011). 12 years of the party list system. Diliman, Quezon City, Philippines: CenPEG Books.

Chicago

Tuazon Bobby M, . 2011. 12 years of the party list system. Diliman, Quezon City, Philippines: CenPEG Books.

Harvard

Tuazon B. M., . (2011). 12 years of the party list system. Diliman, Quezon City, Philippines: CenPEG Books.

MLA

Tuazon Bobby M, . 12 years of the party list system. Diliman, Quezon City, Philippines: CenPEG Books. 2011.

  • Place hold
  • Print
  • Cite
  • Add to your cart (remove)
  • Save record
    BIBTEX Dublin Core MARCXML MARC (non-Unicode/MARC-8) MARC (Unicode/UTF-8) MARC (Unicode/UTF-8, Standard) MODS (XML) RIS
  • More searches
    Search for this title in:
    Other Libraries (WorldCat) Other Databases (Google Scholar) Online Stores (Bookfinder.com) Open Library (openlibrary.org)

Exporting to Dublin Core...

SOUTHVILLE LIBRARY

Southville International School and Colleges Library

1281 Tropical Ave. Cor. Luxembourg St., BF Homes International, Las Pinas City

Tel. No. 8256374 / 252358 Loc. 117/146

Powered by Koha